טוען...

Careless husband ed by William W Appleton /

מידע ביבליוגרפי
מחבר ראשי: Cibber, Colley
שפה:Undetermined
יצא לאור: 1967.
סדרה:Regents Restoration drama series ed by John Loftis
LEADER 00456nam a2200133Ia 4500
001 38586
008 170722s9999 xx 000 0 und d
100 |a Cibber, Colley 
245 |a Careless husband ed by William W Appleton / 
260 |c 1967. 
490 |a Regents Restoration drama series ed by John Loftis 
942 |c GEN 
999 |c 76280  |d 76280 
952 |0 1  |1 0  |4 0  |6 O_2K71C_K6  |7 0  |8 LC1  |9 107877  |a LIB  |b LIB  |d 2017-08-12  |h LC1  |o O-,2K71,C K6  |p 129635  |r 2017-08-12  |w 2017-08-12  |y GEN